000 00295nam a2200157Ia 4500
100 _aCSR
650 _aYear Book
942 _cRB
654 _ayear book 2010
245 _aYear book 2010
260 _bCSR
_c2010
082 _a25
_bCSR
300 _a974
546 _aENGLISH
999 _c25212
_d25212